| 000 | 00626nam a22002057a 4500 | ||
|---|---|---|---|
| 999 |
_c1664 _d1664 |
||
| 001 | 14427 | ||
| 003 | BD-DhUAP | ||
| 005 | 20200211150033.0 | ||
| 008 | 200211s2010 bg ||||| |||| 00| 0 eng d | ||
| 040 |
_aBD-DhUAP _bEng _cBD-DhUAP _dBD-DhUAP |
||
| 082 |
_223 _a346.07 ISL |
||
| 100 | _aIslam, Mafizul. | ||
| 245 |
_aPrinciples of commercial law : _ba textbook / _cMafizul Islam ; Edited and revised by M. Abdul Hannan. |
||
| 250 | _a5th rev. & enl. ed. | ||
| 260 |
_aDhaka : _bShams publications, _cc2010. |
||
| 300 |
_a[46], 608 pages ; _c22 cm. |
||
| 650 | _aCommercial law. | ||
| 700 | _aHannan, M. Abdul. | ||
| 942 |
_2ddc _cBK |
||